000 00851nac a22002537a 4500
001 BR0103093
003 BR-BrBNA
005 20240105122546.0
008 230509b bl.|||m| |||| 00| 0 por d
040 _aBR-BrBNA
_bpor
_cBiblioteca Nacional de Agricultura
072 _aF62
090 _a3290 BR0103093
100 1 _aAraujo, V.C. de
110 1 _aInstituto Nacional de Pesquisas da Amazonia, Manaus (Brasil)
_96495
245 1 _aSobre a germinacao de aniba (Lauraceae); 1: Aniba duckei Kostermans (Pau-rosa Itauba)
260 3 _aManaus, AM (Brasil):
_c1967.
300 _a14 p.
490 _aPublicacao. Botanica - Instituto Nacional de Pesquisa da Amazonia (Brazil)
_vno. 23
_x
500 _aSummaries (En, Pt)
650 _aPau Rosa
650 _aGerminacao
909 _a202312
_bLúcia Elande
_c55
_dLúcia Elande
942 _2AGRIS
_n0
_cMS
999 _c291658
_d291658